000
00299nam a22001337a 4500
008
170615b xxu||||| |||| 00| 0 eng d
020
_a
9780691114026
041
_a
eng
080
_a
324
100
_a
19
101
_a
SHP
245
_a
GOVERNANCE IN A GLOBAL ECONOMY
_c
KAHLER, M
942
_2
udc
_c
BK
999
_c
17549
_d
17549